Detalles MARC
| 000 -CABECERA |
| campo de control de longitud fija |
01094nam a2200313 a 4500 |
| 001 - NÚMERO DE CONTROL |
| campo de control |
000043571 |
| 003 - IDENTIFICADOR DEL NÚMERO DE CONTROL |
| campo de control |
DO-SdBNP |
| 005 - FECHA Y HORA DE LA ÚLTIMA TRANSACCIÓN |
| campo de control |
20260202091016.0 |
| 007 - CAMPO FIJO DE DESCRIPCIÓN FÍSICA--INFORMACIÓN GENERAL |
| campo de control de longitud fija |
ta |
| 008 - DATOS DE LONGITUD FIJA--INFORMACIÓN GENERAL |
| campo de control de longitud fija |
140326s 2014 dr 000 0 spa d |
| 020 ## - NÚMERO INTERNACIONAL ESTÁNDAR DEL LIBRO |
| Número Internacional Estándar del Libro |
9789945166088 |
| 040 ## - FUENTE DE LA CATALOGACIÓN |
| Centro catalogador/agencia de origen |
DO-SdBNP |
| Lengua de catalogación |
spa |
| Centro/agencia transcriptor |
BNPHU |
| 082 #4 - NÚMERO DE LA CLASIFICACIÓN DECIMAL DEWEY |
| Número de clasificación |
BNPHU 158.1 |
| Número de documento/Ítem |
A185m |
| Número de edición |
22 |
| 100 1# - ENTRADA PRINCIPAL--NOMBRE DE PERSONA |
| Nombre de persona |
Acosta, Pedro |
| 9 (RLIN) |
463 |
| 245 10 - MENCIÓN DE TÍTULO |
| Título |
Mindfulness para el mundo : |
| Resto del título |
vivir en el presente sin juzgar / |
| Mención de responsabilidad, etc. |
Pedro Acosta; prólogo Rafael García Alvarez. |
| 260 ## - PUBLICACIÓN, DISTRIBUCIÓN, ETC. |
| Lugar de publicación, distribución, etc. |
Santo Domingo : |
| Nombre del editor, distribuidor, etc. |
Búho, |
| Fecha de publicación, distribución, etc. |
2014. |
| 300 ## - DESCRIPCIÓN FÍSICA |
| Extensión |
94 p. ; |
| Dimensiones |
22 cm. |
| 500 ## - NOTA GENERAL |
| Nota general |
Incluye datos biográfícos del autor en la solapa de la cubierta |
| 500 ## - NOTA GENERAL |
| Nota general |
En la portada: Un programa de entrenamiento en seis semanas. |
| 504 ## - NOTA DE BIBLIOGRAFÍA, ETC. |
| Nota de bibliografía, etc. |
Bibliografía : p. 93-94 |
| 590 ## - NOTA LOCAL (RLIN) |
| Nota local |
Inventariado, 2018/LP |
| 650 10 - PUNTO DE ACCESO ADICIONAL DE MATERIA--TÉRMINO DE MATERIA |
| Término de materia o nombre geográfico como elemento de entrada |
Relaciones humanas |
| 9 (RLIN) |
606 |
| 650 14 - PUNTO DE ACCESO ADICIONAL DE MATERIA--TÉRMINO DE MATERIA |
| Término de materia o nombre geográfico como elemento de entrada |
Comunicación interpersonal |
| 9 (RLIN) |
21034 |
| 650 10 - PUNTO DE ACCESO ADICIONAL DE MATERIA--TÉRMINO DE MATERIA |
| Término de materia o nombre geográfico como elemento de entrada |
Psicología aplicada |
| 9 (RLIN) |
1579 |
| 650 14 - PUNTO DE ACCESO ADICIONAL DE MATERIA--TÉRMINO DE MATERIA |
| Término de materia o nombre geográfico como elemento de entrada |
Superación personal |
| Fuente del encabezamiento o término |
Sears |
| 9 (RLIN) |
10825 |
| 700 1# - PUNTO DE ACCESO ADICIONAL--NOMBRE DE PERSONA |
| Nombre de persona |
García Alvarez, Rafael, |
| Término indicativo de función/relación |
prol. |
| 9 (RLIN) |
71386 |
| 910 ## - DATOS DE OPCIÓN DEL USUARIO (OCLC) |
| Datos de opción del usuario |
Validado. Control de calidad EMS. |
| 942 ## - ELEMENTOS DE PUNTO DE ACCESO ADICIONAL (KOHA) |
| Fuente del sistema de clasificación o colocación |
Dewey Decimal Classification |
| Tipo de ítem Koha |
Libro |